000 00705cam a2200253 4500
008
020 _a0412490404 (pbk.)
049 _aMAIN
090 _aQK601
100 1 _aIngold, C. T.
245 1 4 _aThe biology of fungi /
_cC. T. Ingold, H.J. Hudson
250 _a6th ed.
260 _aLondon :
_bChapman & Hall,
_c1973.
300 _a176 p. :
_bill. ;
_c24 cm.
440 _aHutchinson biological monographs.
504 _aIncludes bibliographical references.
500 _aIncludes index.
650 0 _aMycology.
907 _a.b1016618x
_b16-01-06
_c23-06-05
003
005 20230123134022.0
040 _cNUST
942 _cBOOKS
_kQK601
999 _c158619
_d158619